Mount and Blade: Warband Quiz - Statistics

General Stats
  • This quiz has been taken 322 times
  • The average score is 10 of 27
Answer Stats
Hint Answer % Correct
The town King Ragnar originally rules Sargoth
82%
Faction renowned for their foot soldiers Nords
72%
Elite Swadian cavalry unit Swadian Knight
69%
Where the entire vanilla game takes place Calradia
61%
The strongest armor legitimately obtainable in the native version of the game Plate Armor
54%
Lances are this class of weapon Polearm
50%
Player stat that influences your credibility as King, determining whether other lords will follow you Right to Rule
48%
Skill that increases base running speed Athletics
46%
In this faction's tournaments, competitors will typically be given bows/javelins Khergit Khanate
43%
Jarids are this type of weapon Throwing
43%
Companion that likes Baheshtur, but dislikes Deshavi and Bunduk, also is known for his killer moustache Rolf
36%
Type of skill that only benefits an individual Personal
33%
Highest iteration of refugees/peasant women Sword Sister
31%
This good is produced by dyeworks Velvet
31%
A popular mod based around the "Game of Thrones" series A Clash of Kings
28%
The Book of Healing gives a +1 bonus to this skill while in the inventory Wound Treatment
28%
A savvy investor would establish a dyeworks here Rivacheg
27%
The number of skills available to a player 24
25%
Claimant to the throne of the Kingdom of Rhodoks Lord Kastor of Veluca
24%
And an ironworks here Curaw
22%
Heroine of royalty, Nordic and exiled from her husband's thanedom Matheld
22%
The iteration of Mount and Blade that comes after Warband With Fire and Sword
22%
This kind of shield is used by almost all Rhodok troops Board Shield
21%
Food with the highest base value Butter
21%
The rightful ruler of Calradia King Harlaus
11%
Having a large selection of sustenance for your troops will result in a high score in this morale modifier Food Variety
9%
Book that increases tacitcs De Re Militari
5%
No matching quizzes found
Score Distribution
Percent of People with Each Score
Percentile by Number Answered
Your Score History
You have not taken this quiz